En el nombre de Jesús : un nuevo modelo de responsable de la comunidad cristiana / [por] Henri J.M. Nowen ; tr. Emilio Ortega
محفوظ في:
| المؤلف الرئيسي: | |
|---|---|
| التنسيق: | كتاب |
| سلاسل: | Sauce ; 6
|
| الموضوعات: | |
| الوسوم: |
لا توجد وسوم, كن أول من يضع وسما على هذه التسجيلة!
|
MARC
| LEADER | 00000nam^a2200000^u^4500 | ||
|---|---|---|---|
| 001 | 000545079 | ||
| 005 | 20250521000000.0 | ||
| 008 | 060220s1000^^^^^^^^^^^^r^^^^^000^0^spa^d | ||
| 009 | 20260310131341.444 | ||
| 035 | |a FMI 000014441 | ||
| 037 | |a Acervo Xavier Clavigero | ||
| 096 | |a 4.2/387/B | ||
| 100 | |a Nowen, Henri J.M. |e (autor) | ||
| 245 | 1 | 0 | |a En el nombre de Jesús : un nuevo modelo de responsable de la comunidad cristiana / [por] Henri J.M. Nowen ; tr. Emilio Ortega |
| 264 | |a Madrid : PPC, 1994 | ||
| 300 | |a 87 p. | ||
| 336 | |a texto |b txt |2 rdacontenido | ||
| 337 | |a sin mediación |b n |2 rdamedio | ||
| 338 | |a volumen |b nc |2 rdasoporte | ||
| 440 | 0 | |a Sauce ; 6 | |
| 649 | |a XX | ||
| 650 | |a ESPIRITUALIDAD MODERNA | ||
| 910 | |a Fondo Francisco Migoya Covarrubias S.J. | ||
| 920 | |a Impresos - Libros | ||
| 930 | |a Fondos Especiales | ||
| 905 | |a 134 | ||
| 901 | |a SBC16828 |b IT2 |c ESP |u 20250521 | ||
| 902 | |a https://opac.biblio.iteso.mx/vufind/Record/000545079 | ||